Property law update (Record no. 77785)

MARC details
000 -LEADER
fixed length control field 01533cab a2200229 4500
001 - CONTROL NUMBER
control field ##L135116
008 - FIXED-LENGTH DATA ELEMENTS--GENERAL INFORMATION
fixed length control field 060925n2006 000 0 eng u
035 ## - SYSTEM CONTROL NUMBER
System control number (Sirsi) u135116
041 0# - LANGUAGE CODE
Language code of text/sound track or separate title eng
100 1# - MAIN ENTRY--PERSONAL NAME
Personal name Fancourt, Timothy
245 00 - TITLE STATEMENT
Title Property law update
260 ## - PUBLICATION, DISTRIBUTION, ETC.
Date of publication, distribution, etc. 2006
490 #0 - SERIES STATEMENT
Series statement New Law Journal
Volume/sequential designation 156(7233) 14 July 2006, 1132-1133(2)
520 ## - SUMMARY, ETC.
Summary, etc. Reports on two significant Lands Tribunal decisions which consider and clarify the basis on which a LVT enquires into the reasonableness of residential service charges: "Schilling and Schilling and others v Canary Riverside Development Pte Limited and others" (LRX/26/2005, L135111) and "Canary Riverside Pte Limited and others v Schilling and Schilling and others" (LRX/65/2005, L135107). The first case raised the issues concerning the burden of proof applied by the LVT in respect of the reasonableness of the service charge expenditure and whether the LVT has jurisdiction at all to decide service charge matters. The second case concerned whether a landlord could add to the service charge its litigation costs against some or all tenants who pay the service charges.
650 24 - SUBJECT ADDED ENTRY--TOPICAL TERM
Topical term or geographic name entry element COMMONHOLD AND LEASEHOLD REFORM ACT 2002
650 24 - SUBJECT ADDED ENTRY--TOPICAL TERM
Topical term or geographic name entry element STAGHOLD V TAKEDA
650 24 - SUBJECT ADDED ENTRY--TOPICAL TERM
Topical term or geographic name entry element SCHILLING V CANARY RIVERSIDE DEVELOPMENT
650 24 - SUBJECT ADDED ENTRY--TOPICAL TERM
Topical term or geographic name entry element CANARY RIVERSIDE DEVELOPMENT V SCHILLING
651 #4 - SUBJECT ADDED ENTRY--GEOGRAPHIC NAME
Geographic name England and Wales
Chronological subdivision 1543-
690 ## - LOCAL SUBJECT ADDED ENTRY--TOPICAL TERM (OCLC, RLIN)
Topical term or geographic name as entry element PROPERTY-RESIDENTIAL PROPERTY-LEASEHOLD RESIDENTIAL PROPERTY-RESIDENTIAL LANDLORD AND TENANT-RESIDENTIAL SERVICE CHARGES
942 ## - ADDED ENTRY ELEMENTS (KOHA)
Suppress in OPAC 0
Holdings
Withdrawn status Lost status Source of classification or shelving scheme Damaged status Not for loan Home library Current library Shelving location Date acquired Total Checkouts Full call number Barcode Date last seen Copy number Price effective from Koha item type
    Dewey Decimal Classification     London London Journal article 25/09/2006   L135116 135116-1001 06/08/2019 1 06/08/2019 Journal article